|
|
|
|
| LEADER |
01466nam a2200397 a 4500 |
| 001 |
000891946 |
| 003 |
CZ BrMZK |
| 005 |
20091001111636.0 |
| 007 |
ta |
| 008 |
080404s2006 xo a e p 000 0 slo |
| 020 |
|
|
|a 80-8070-546-1
|q (váz.)
|
| 040 |
|
|
|a BOA001
|b cze
|
| 072 |
|
7 |
|a 656.2
|x Železniční doprava
|2 Konspekt
|9 4
|
| 072 |
|
7 |
|a 37.016
|x Učební osnovy. Vyučovací předměty. Učebnice
|2 Konspekt
|9 22
|
| 080 |
|
|
|a 656.2
|2 MRF
|
| 080 |
|
|
|a 656.25
|2 MRF
|
| 080 |
|
|
|a (075.8)
|2 MRF
|
| 100 |
1 |
|
|a Zahradník, Jiří,
|d 1946-2008
|7 mzk2005317881
|4 aut
|
| 245 |
1 |
0 |
|a Aplikácie zabezpečovacích systémov /
|c Jiří Zahradník, Karol Rástočný
|
| 250 |
|
|
|a 1. vyd.
|
| 260 |
|
|
|a Žilina :
|b Žilinská univerzita,
|c 2006
|
| 300 |
|
|
|a 226 s. :
|b il. ;
|c 25 cm
|
| 490 |
1 |
|
|a Vysokoškolské učebnice
|
| 500 |
|
|
|a Terminologický slovník
|
| 500 |
|
|
|a 340 výt.
|
| 504 |
|
|
|a Obsahuje bibliografii
|
| 541 |
|
|
|a Bratislava, Centrum vedecko-technických informácií SR
|
| 650 |
0 |
7 |
|a železniční doprava
|7 ph127919
|2 czenas
|
| 650 |
0 |
7 |
|a zabezpečovací technika
|7 ph127514
|2 czenas
|
| 655 |
|
7 |
|a učebnice vysokých škol
|7 fd133772
|2 czenas
|
| 700 |
1 |
|
|a Rástočný, Karol,
|d 1958-
|7 mzk2005317880
|4 aut
|
| 810 |
2 |
|
|a Žilinská univerzita.
|t Vysokoškolské učebnice
|
| 910 |
2 |
|
|a BOA001
|b 3-1202.051
|
| 990 |
|
|
|a BK
|
| 991 |
|
|
|b 200804
|c NOV
|
| 996 |
7 |
|
|b 2610339466
|c 3-1202.051
|l MZK
|r Sklad / do 1 hodiny
|n 0
|p vým.
|w 000891946
|u 000010
|a 1
|e BOA001
|j MZK50
|s A
|